000 00344nab a22001097u 4500
008 130520b1990 xxu||||| |||| 00| 0 spa d
041 _aspa
100 1 _aColella, P.
_967490
245 0 0 _aEl nombramiento de los obispos en el Derecho Canónico vigente
_cP. Colella
773 0 _tConcilium
_gV.2,1990,págs.123-128
_x0210-1041
_wRev134
942 _cAR
999 _c355556
_d355556